|
|
|
|
| LEADER |
00000naa2a2200000 4500 |
| 001 |
92782 |
| 005 |
20231031104846.0 |
| 035 |
|
|
|a (RuTPU)RU\TPU\book\99387
|
| 090 |
|
|
|a 92782
|
| 100 |
|
|
|a 20060320d2005 k y0rusy50 ca
|
| 101 |
0 |
|
|a rus
|
| 102 |
|
|
|a RU
|
| 200 |
1 |
|
|a К вопросу о связи метафоры и понятия
|f Р. А. Мигуренко
|
| 320 |
|
|
|a Библиогр.: 5 назв.
|
| 463 |
|
0 |
|0 (RuTPU)RU\TPU\book\95664
|t Актуальные проблемы социальной философии
|o сборник трудов I Всероссийской научно-практической конференции, Томск, 25-26 октября 2005 г.
|h вып. 3
|f Томский политехнический университет; гл. ред. А. А. Корниенко
|v С. 32-24
|d 2005
|p 213 с.
|
| 610 |
1 |
|
|a метафоры
|
| 610 |
1 |
|
|a понятия
|
| 610 |
1 |
|
|a стили мышления
|
| 610 |
1 |
|
|a рациональность
|
| 610 |
1 |
|
|a мышление
|
| 610 |
1 |
|
|a труды учёных ТПУ
|
| 700 |
|
1 |
|a Мигуренко
|b Р. А.
|c российский философ
|c доцент Томского политехнического университета, кандидат философских наук
|f 1947-
|g Раиса Афанасьевна
|2 stltpush
|3 (RuTPU)RU\TPU\pers\24690
|
| 801 |
|
1 |
|a RU
|b 63413507
|c 20060320
|g PSBO
|
| 801 |
|
2 |
|a RU
|b 63413507
|c 20110113
|g RCR
|
| 942 |
|
|
|c BK
|